000
00330nam a22001457a 4500
008
250417b ||||| |||| 00| 0 eng d
020
_a
9781853260629
041
_a
eng
080
_2
1993
_a
82TOL
082
_2
82TOL
_a
82TOL
100
_a
01
101
_a
GJUHE SHQIPE
245
_a
WAR AND PEACE
_c
LEO TOLSTOY
942
_2
udc
_c
BK
999
_c
60661
_d
60661